Statistics for Airlines With Most Destinations

Click here to take the quiz!

General Stats

  • This quiz has been taken 95 times
  • The average score is 7 of 10

Answer Stats

Rank Country # of Destinations Airline % Correct
4USA350American Airlines
99%
5USA320Delta Air Lines
95%
7GERMANY274Lufthansa
94%
9FRANCE204Air France
94%
6TURKEY302Turkish Airlines
89%
3USA373United Airlines
88%
10CHINA201Air China
84%
8CHINA217China Eastern Airlines
58%
2USA375FedEx Express
23%
1USA720UPS Airlines
22%

Score Distribution

Percentile by Number Answered

Percent of People with Each Score

Your Score History

You have not taken this quiz